000 00802nam a2200217Ia 4500
003 GCL
008 140319s9999 xx 000 0 ara d
040 _aGCL /
_cGCL
082 0 4 _a745
_bم ف
100 1 _aمحيى الدين طالو
245 1 0 _aفنون زخرفية معمارية :
_bعبر مراحل التاريخ /
_cمحيى الدين طالو
250 _aالاولى
260 _aسوريا :
_bدار دمشق للنشر والتوزيع والطباعة ،
_c1999
300 _a216 ص ؛
_c28 سم
650 0 4 _aالفن الزخرفى
650 0 4 _aالزخرفة بالخشب
650 0 4 _aالزخرفة المعمارية
650 0 4 _aالزخرفة المعمارية - تاريخ
650 0 4 _aالزخرفة المعمارية اليونانية
942 _2ddc
_cBK
999 _c7965
_d7965